Statistics for SEC Men's Basketball All-time Wins

Click here to take the quiz!

General Stats

  • This quiz has been taken 21 times
  • The average score is 9 of 17

Answer Stats

WinsTeam% Correct
1425Alabama
94%
2004Kentucky
94%
1397Tennessee
88%
1319Florida
63%
1341Vanderbilt
63%
1283LSU
56%
1170Mississippi St
50%
528Arkansas
44%
1152Auburn
44%
1136Georgia
44%
1103Mississippi
44%
427South Carolina
44%
73Missouri
31%
101Texas A&M
31%
365Georgia Tech
25%
13Sewanee
25%
349Tulane
25%

Score Distribution

Percentile by Number Answered

Percent of People with Each Score

Your Score History

You have not taken this quiz